000 00604cab a22001935a 4500
001 L152086
008 110131e20110128xxk 000 0 eng d
035 _a(Sirsi) u152086
041 0 _aeng
100 1 _aMcMeeken, Roxane
245 0 0 _aCareers
_bCanada, the friendly frontier
260 _c2011
490 _aBuilding
_v276 (8663) 28 January 2011, 70-73(3)
520 _aConsiders the opportunities Canada offers to UK construction professionals, and looks at Canada's strong construction economy.
590 _aKA
651 4 _aCanada
690 _aCAREERS, EDUCATION AND TRAINING
942 _n0
999 _c82891
_d82891